000 00480nam a22001811a 4500
001 18789
003 OSt
005 20260204212422.0
008 180903s2016||||ck ||||||b||||||||||spa||
082 _a004.68 AR699r
100 _aAriganello,Ernesto
245 _aRedes cisco, guía de estudio para la certificación CCNA routing y switching/Ernesto Ariganello
250 _a4
264 _aBogotá:Ediciones de la U
300 _a570 p.
650 _aRedesÌ
942 _2ddc
_cBK
999 _c18789
_d18789